Explorations in consumer behavior
Uloženo v:
| Hlavní autoři: | , |
|---|---|
| Médium: | Kniha |
| Jazyk: | angličtina |
| Vydáno: |
Austin
The University of Texas
1968
|
| Edice: | Studies in Marketing Number, 10
|
| Témata: | |
| Tagy: |
Přidat tag
Žádné tagy, Buďte první, kdo vytvoří štítek k tomuto záznamu!
|
MARC
| LEADER | 00000nam a2200000 a 4500 | ||
|---|---|---|---|
| 001 | UCT7442 | ||
| 003 | CL-VaPUC | ||
| 005 | 20241209094812.0 | ||
| 008 | 970117e19680000us 1 eng d | ||
| 082 | 0 | 4 | |a 339.47 |b SOM |2 21 |
| 100 | 1 | |a Sommers, Montrose S |e author |9 618173 | |
| 700 | 1 | |a Kernan, Jerome B |e author |9 618174 | |
| 245 | 1 | 0 | |a Explorations in consumer behavior |
| 260 | |a Austin |b The University of Texas |c 1968 | ||
| 300 | |a 277 p | ||
| 490 | 0 | |a Studies in Marketing Number, 10 | |
| 583 | |a last modification |c 20171218 04:51:20 |k Rodrigo Vera | ||
| 650 | 0 | 0 | |a Consumidores |9 315658 |
| 650 | 0 | 7 | |a TENDENCIA AL CONSUMO |2 CL-VaPUC |9 359738 |
| 650 | 0 | 7 | |a TEORIAS DEL AHORRO |2 CL-VaPUC |9 359739 |
| 650 | 0 | 0 | |a Comportamiento del consumidor |9 331318 |
| 942 | |c BK | ||
| 945 | |a nastorga |d 19970117 00:00:00 | ||
| 546 | |a En Inglés | ||
| 518 | |p A Symposium Heald at The University of Texas, april 18-19, 1966 | ||
| 999 | |c 382818 |d 382816 | ||
| 952 | |0 0 |1 0 |4 0 |6 339_470000000000000_SOM_1968 |7 0 |8 P |9 504709 |a BIBGIM |b BIBGIM |d 2020-01-23 |i 3278344 |o 339.47 SOM 1968 |p 3278344 |r 2025-01-15 |w 2020-01-23 |y BK |k COM | ||